Nonlinear hyperbolic problems : proceedings of an advanced research workshop held in Bordeaux, France, June 13-17, 1988

Αποθηκεύτηκε σε:
Λεπτομέρειες βιβλιογραφικής εγγραφής
Άλλοι συγγραφείς: Carasso, C. (Claude) (Επιμελητής έκδοσης)
Μορφή: Βιβλίο
Γλώσσα:English
Δημοσίευση: Berlin : Springer-Verlag, c1989.
Σειρά:Lecture notes in mathematics (Springer-Verlag) ; 1402
Θέματα:
Ετικέτες: Προσθήκη ετικέτας
Δεν υπάρχουν, Καταχωρήστε ετικέτα πρώτοι!

MARC

LEADER 00000cam a2200000 i 4500
001 1/29015
008 941103s1989 gw ||| | eng||
020 |a 3540517464 
035 |a 1993  |l 10038217 
040 |a GR-MyUA  |b gre  |e AACR2 
041 0 |a eng 
082 0 |a 515.353  
245 1 0 |a Nonlinear hyperbolic problems :   |b proceedings of an advanced research workshop held in Bordeaux, France, June 13-17, 1988 /   |c C. Carasso ... [et al.], (eds.). 
260 |a Berlin :   |b Springer-Verlag,   |c c1989.  
300 |a 249 σ. ;   |c 25 εκ.  
490 1 |a (Lecture notes in mathematics (Springer-Verlag)   |v ; 1402) 
504 |a Περιέχει βιβλιογραφικές αναφορές.  
650 0 0 |a Differential equations, Hyperbolic  |x Congresses. 
650 0 0 |a Differential equations, Nonlinear  |x Congresses. 
700 1 |a Carasso, C.   |q (Claude)  |e edt 
830 0 |a Lecture notes in mathematics (Springer-Verlag)  |v  ; 1402 
852 |a INST  |b SAMOS  |e 19941103  |h 515.353 NON  |p 005300008227  |q 005300008227  |t BK  |y 0 
909 |a Σ  |b 029221